| 000 | 00646nam a2200181 4500 | ||
|---|---|---|---|
| 999 |
_c6165 _d6165 |
||
| 008 | 020605s1990 us eng | ||
| 110 | 2 | _aUniversity of the Philippines Research Organization for Better Education | |
| 245 | 1 | 0 |
_aEducational research : _bproblem conceptualization and research design / _cUPROBE. |
| 260 |
_aManila : _bALJUN, _cc1990. |
||
| 300 |
_a75 p.; _c25cm. |
||
| 336 | _atext | ||
| 337 | _aunmediated | ||
| 338 | _avolume | ||
| 650 | 4 |
_aEducation _xResearch _xAddresses, essays, lectures. |
|
| 650 | 4 |
_aEducational research _xAddresses, essays, lectures. |
|
| 650 | 4 |
_aResearch _xAddresses, essays, lectures. |
|
| 942 |
_2lcc _cBK |
||